• 首页
  • 本馆介绍
  • 公告通知
  • 最新文献
  • 馆藏检索
  • 电子资源
  • 读者导购
  • 参考咨询
  • 我的图书馆
  • 登录
  • 详细信息显示
  • 放入我的书架
  • 预约/预借图书
  • 作者相关作品
  • 分类相关作品
  • 丛书相关作品
  • 出版社相关作品

书目信息

  • 表格格式
  • 工作单格式
  • 卡片格式
题名:
观测与最小二乘法
    
 
作者: 迈克哈尔 , Mikhail 著 ;唐昌先 , 邹笃醇 译
分册:  
出版信息: 北京   测绘出版社  1984
页数: 358页
开本: 25cm
丛书名:
单 册:
中图分类: P207
科图分类:
主题词: 观测-最小二乘法平差 , 最小二乘法平差-观测
电子资源:
ISBN:
000 00943nam0 2200313 45
001 0184002485
005 20040520152218.3
010    @dCNY2.40
091    @a15039.新276
100    @a19950628d1984 emky0chiy0121 ea
101 1  @achi@ceng
102    @aCN@b110000
105    @ay z 000yy
106    @ar
200 10 @a观测与最小二乘法@Aguan ce yu zui xiao er cheng fa@f迈克哈尔(E.M.Mikhail)等著@g唐昌先,邹笃醇译
210    @a北京@c测绘出版社@d1984
215    @a358页@d25cm
300    @a书名原文:Observations and least squares
510 1  @aObservations and least squares@zeng
606    @a观测-最小二乘法平差
606    @a最小二乘法平差-观测
690    @aP207@v3
701  1 @a迈克哈尔@Amai ke ha er@bE.M.@4著
701 A1 @aMikhail@bE.M.@4著
702  0 @a唐昌先@Atang chang xian@4译
702  0 @a邹笃醇@Azou du chun@4译
801  0 @aCN@b上海图书馆@c20040520
801  2 @aCN@bNLC@c20040520
905    @f1@b110906@dP207@e16
    
    观测与最小二乘法/迈克哈尔(E.M.Mikhail)等著/唐昌先,邹笃醇译.-北京:测绘出版社,1984
    358页;25cm
    书名原文:Observations and least squares
    
    ISBN :CNY2.40
    
●
相关链接 在E读中查询图书 在五车中查询图书 在当当中查询图书 在豆瓣中查询图书


正题名:观测与最小二乘法     索取号:P207/16         预约/预借

序号 登录号 条形码 馆藏地/架位号 状态 备注
1 0110906   000072450   第三借阅区/ [索取号:P207/16] 在馆    
2 0110907   202105970   第二样本阅览室/ [索取号:P207/16] 在馆    
唐山师范学院图书馆 欢迎您!
大连网信软件有限公司© 版权所有